| 000 | 00689cam a22002172 4500 | ||
|---|---|---|---|
| 001 | 0000001222 | ||
| 005 | 20151217151809.0 | ||
| 008 | 070227s xx 000 0 eng d | ||
| 020 |
_a0674008669 : _cKES 400 |
||
| 040 |
_aKABU _cKABU |
||
| 050 | 0 |
_aGN284.6 _b.S55 |
|
| 100 | 1 |
_aShipman, Pat. _@0000149827 |
|
| 245 | 1 | 4 |
_aThe Man who found the missing link. : _bEugene Dubois and his lifelong quest to prove Darwin right. |
| 260 |
_aCambridge, Mass. : _bHarvard university Press, _c2001. |
||
| 300 | _aix, 514 p. | ||
| 600 | 1 | 0 |
_aDubois, Eugene. _@0000149828 |
| 650 | 0 |
_aJava Man. _@0000149829 |
|
| 908 | _a070227 | ||
| 950 | _@1 | ||
| 999 |
_c5139 _d5139 |
||